Effective leadership in schools / (Record no. 4028)
[ view plain ]
| 000 -LEADER | |
|---|---|
| fixed length control field | 01053cam a22002532 4500 |
| 001 - CONTROL NUMBER | |
| control field | 0000019836 |
| 005 - DATE AND TIME OF LATEST TRANSACTION | |
| control field | 20151217145920.0 |
| 008 - FIXED-LENGTH DATA ELEMENTS--GENERAL INFORMATION | |
| fixed length control field | 110215s xx 000 0 eng d |
| 020 ## - INTERNATIONAL STANDARD BOOK NUMBER | |
| International Standard Book Number | 1855391201 (Bk.1) : |
| 020 ## - INTERNATIONAL STANDARD BOOK NUMBER | |
| International Standard Book Number | 1855391244 (Bk. 2) |
| 020 ## - INTERNATIONAL STANDARD BOOK NUMBER | |
| International Standard Book Number | 1855391333 (Bk. 3) |
| 040 ## - CATALOGING SOURCE | |
| Original cataloging agency | KABU |
| Transcribing agency | KABU |
| 100 1# - MAIN ENTRY--PERSONAL NAME | |
| Personal name | Swainston, Tony. |
| -- | 0000179810 |
| 245 10 - TITLE STATEMENT | |
| Title | Effective leadership in schools / |
| Statement of responsibility, etc. | Tony Swainston. |
| 250 ## - EDITION STATEMENT | |
| Edition statement | 1st ed. |
| 260 ## - PUBLICATION, DISTRIBUTION, ETC. (IMPRINT) | |
| Place of publication, distribution, etc. | Stafford, England : |
| Name of publisher, distributor, etc. | Network Educational, |
| Date of publication, distribution, etc. | 2005. |
| 300 ## - PHYSICAL DESCRIPTION | |
| Extent | Books 1-3. |
| 505 0# - FORMATTED CONTENTS NOTE | |
| Formatted contents note | Book 1- Sharing the vision ... and the distribution of effective leadership - Book 2 -Innovation ... and the future challenges of effective leadership - Book 3 Leadership styles ... and the role of emotional intelligence in effective leadership. |
| 650 #0 - SUBJECT ADDED ENTRY--TOPICAL TERM | |
| Topical term or geographic name as entry element | School management and organization. |
| -- | 0000153662 |
| 852 1# - LOCATION | |
| -- | p5999 KES (set) |
| 852 1# - LOCATION | |
| -- | p5999 KES (set) |
| 908 ## - PUT COMMAND PARAMETER (RLIN) | |
| Put command parameter | 110215 |
| 950 ## - LOCAL HOLDINGS (RLIN) | |
| -- | 1 |
| Withdrawn status | Lost status | Source of classification or shelving scheme | Not for loan | Home library | Current library | Date acquired | Total Checkouts | Full call number | Barcode | Date last seen | Price effective from | Koha item type | Date last checked out |
|---|---|---|---|---|---|---|---|---|---|---|---|---|---|
| Library of Congress Classification | Kabarak, Main Campus | Kabarak, Main Campus | 17/12/2015 | LB2805 .S93 2005 Bk. 1 c. 1 | 23106 | 22/07/2021 | 17/12/2015 | General Collection | |||||
| Library of Congress Classification | Kabarak, Main Campus | Kabarak, Main Campus | 17/12/2015 | 1 | LB2805 .S93 2005 Bk. 3 c. 1 | 23114 | 22/07/2021 | 17/12/2015 | General Collection | 06/07/2021 | |||
| Library of Congress Classification | Kabarak, Main Campus | Kabarak, Main Campus | 17/12/2015 | LB2805 .S93 2005 Bk. 2 c. 1 | 23113 | 17/12/2015 | 17/12/2015 | General Collection |